عرض عادي
عرض مارك
- Polk, Noel.\\
مدخل إسم شخص
001 - رقم الضبط
- حقل الضبط: 5034
003 - معرف رقم الضبط
- حقل الضبط: OSt
005 - تاريخ ووقت أخر عملية
- حقل الضبط: 20110929013640.0
008 - عناصر بيانات ثابتة الطول
- حقل تحكم ثابت الطول: 110929|||a|||||| | ||| d
040 ## - مصدر الفهرسة
- هيئة الفهرسة الأصلية: OSt
- وكالة الكتابة: OSt
100 ## - مدخل -- أسم شخص
- إسم شخص: Polk, Noel.\\
670 ## - بيانات المصدر موجوده
- الاستشهاد بالمصدر: Work cat.: (OSt)1046: Faulkner, William, 1897-1962. 5028, A rose for Emily /, c2000.
